| 000 | 01233nam a2200265 i 4500 | ||
|---|---|---|---|
| 001 | 179225 | ||
| 003 | ES-MaACL | ||
| 005 | 20230917185621.0 | ||
| 008 | 111010s20082010sp ap |||| |dspa d | ||
| 020 | _a978-84-8324-283-4 | ||
| 080 | _a7 Dau al Set | ||
| 080 | _a821.134.1"19"(082.2) | ||
| 245 | 0 | 0 |
_aDau al Set _b: Joan Brossa, Juan Eduardo Cirlot, Modest Cuixart, Joan Ponç, Arnau Puig, Antoni Tàpies, Joan-Josep Tharrats : Madrid, Museo de Arte Contemporáneo ... del 4 de febrero al 28 de marzo de 2010 / _c[comisariado, Concepción Gómez González ; textos, Concepción Gómez González ... et al.]. |
| 260 |
_aMadrid : _bMuseo de Arte Contemporáneo, _c[D.L. 2008] _c, [2010] |
||
| 300 |
_a121 p : _bil. col. ; _c28 cm. |
||
| 610 | 2 | 4 |
_aDau al Set (Grupo artístico) _9148193 |
| 650 | 4 |
_aLiteratura catalana- _yS.XX- _xHistoria y crítica. _914519 |
|
| 650 | 0 | 4 |
_aPintura- _zCataluña- _yS.XX- _vExposiciones. _9148194 |
| 655 | 7 |
_2tgfbne _9193628 _aCatálogos de exposiciones |
|
| 700 | 1 |
_aGómez González, Concepción. _9148192 |
|
| 710 | 2 |
_aMuseo de Arte Contemporáneo (Madrid) _95891 |
|
| 852 |
_aES-MaACL _jA-11611 _9186105 _bR.145912 _cDEPO1 _dOlim: N-4616 |
||
| 942 |
_2udc _cMONOGRAFIA |
||
| 999 |
_c179225 _d179225 |
||